00221nam a2200073Ia 4500082001300000245003400013100005900047008004100106 aEJF|THOM 0aDragon and Bat start a bandl  a Thompson, Lisa, Clayton South, Vic., [c.2010] 210817s9999 xx 000 0 und d